Impact of climate change on plant photosynthesis and productivity: Threats and opportunities (Record no. 526133)

000 -LEADER
fixed length control field 00735nam a22001457a 4500
008 - FIXED-LENGTH DATA ELEMENTS--GENERAL INFORMATION
fixed length control field 240510b ||||| |||| 00| 0 eng d
100 ## - MAIN ENTRY--PERSONAL NAME
Personal name Mahato, Anupama
245 ## - TITLE STATEMENT
Title Impact of climate change on plant photosynthesis and productivity: Threats and opportunities
260 ## - PUBLICATION, DISTRIBUTION, ETC. (IMPRINT)
Place of publication, distribution, etc Productivity
300 ## - PHYSICAL DESCRIPTION
Extent 64(4), Jan-Mar, 2024: p.419-429
520 ## - SUMMARY, ETC.
Summary, etc In this era of global climate change, land degradation and biodiversity loss have had significant impact on photosynthesis and productivity of the plant kingdom. The forestry and agricultural sectors also emit greenhouse gases such as Ch N.O etc, which contribute to global warming. – Reproduced
773 ## - HOST ITEM ENTRY
Main entry heading Productivity
906 ## - LOCAL DATA ELEMENT F, LDF (RLIN)
Subject DIP CLIMATE CHANGE
942 ## - ADDED ENTRY ELEMENTS (KOHA)
Item type Articles
Holdings
Withdrawn status Lost status Source of classification or shelving scheme Damaged status Not for loan Permanent location Current location Date acquired Serial Enumeration / chronology Barcode Date last seen Koha item type
          Indian Institute of Public Administration Indian Institute of Public Administration 2024-05-10 64(4), Jan-Mar, 2024: p.419-429 AR131885 2024-05-10 Articles

Powered by Koha